Návrh a realizácia informačného systému efektívneho riadenia úloh pre IKEA Industry Slovakia s.r.o.

Saved in:
Bibliographic Details
Main Author: Pápay, Lukáš (Author)
Other Authors: Juhás, Martin (Thesis advisor)
Format: Manuscript Book
Language:Slovak
Published: 2016
Subjects:
Online Access:http://is.stuba.sk/zp/portal_zp.pl?podrobnosti=118264
Tags: Add Tag
No Tags, Be the first to tag this record!

MARC

LEADER 00000ntm a22000003a 4500
001 stuzp55118
003 SK-STU
005 20160719154706.4
007 ta
008 150427s2015----xo-----f-mn---000-0-slo-d
040 |a STU  |b slo 
041 0 |a slo 
100 1 |a Pápay, Lukáš  |u 066000  |k Z4  |4 aut  |U MTF Materiálovotechnologická fakulta  |T MTF Ústav aplikovanej informatiky, automatizácie a mechatroniky  |X 45654  |U M6000  |Y 86  |7 A000045654 
242 0 1 |a Design and implementation of a task management system for IKEA Industry Slovakia Ltd  |y eng 
245 1 0 |a Návrh a realizácia informačného systému efektívneho riadenia úloh pre IKEA Industry Slovakia s.r.o. 
260 |c 2016 
650 4 |a informačný systém  |2 slo 
650 4 |a UML  |2 slo 
650 4 |a BPMN  |2 slo 
650 4 |a aplikácia  |2 slo 
650 4 |a information system  |2 eng 
650 4 |a UML  |2 eng 
650 4 |a BPMN  |2 eng 
650 4 |a application  |2 eng 
700 1 |a Juhás, Martin  |u 066000  |k Z1  |4 ths  |U MTF Materiálovotechnologická fakulta  |T MTF Ústav aplikovanej informatiky, automatizácie a mechatroniky  |X 2855  |U M6000  |Y 86  |7 A000002855 
856 4 |u http://is.stuba.sk/zp/portal_zp.pl?podrobnosti=118264 
996 |c M* DP-12977  |l MMSKP  |s P  |a 0  |w stuzp55118_0001 
SQL |a stuzp55118  |b DDP  |c SLO  |d Návrh a realizácia informačného systému efektívneho riadenia úloh pre IKEA Industry Slovakia s.r.o.  |e 45654  |f Pápay, Lukáš  |g 066000  |h 2855  |i Juhás, Martin  |j 20160531  |k 965  |l 06  |m http://is.stuba.sk/zp/portal_zp.pl?podrobnosti=118264  |n I-AIPP  |o 5.2.14. automatizácia